<?xml version="1.0" encoding="UTF-8"?>
<record
    xmlns:xsi="http://www.w3.org/2001/XMLSchema-instance"
    xsi:schemaLocation="http://www.loc.gov/MARC21/slim http://www.loc.gov/standards/marcxml/schema/MARC21slim.xsd"
    xmlns="http://www.loc.gov/MARC21/slim">

  <leader>01029nam a2200229 i 4500</leader>
  <controlfield tag="001">bg</controlfield>
  <datafield tag="111" ind1="2" ind2=" ">
    <subfield code="a">Mi&#x119;dzyuczelniana Konferencja Metrolog&#xF3;w</subfield>
    <subfield code="n">(29 ;</subfield>
    <subfield code="d">1997 ;</subfield>
    <subfield code="c">Na&#x142;&#x119;cz&#xF3;w).</subfield>
  </datafield>
  <datafield tag="245" ind1="0" ind2="5">
    <subfield code="a">XXIX Mi&#x119;dzyuczelniana Konferencja Metrolog&#xF3;w [MKM'97]</subfield>
    <subfield code="b">Na&#x142;&#x119;cz&#xF3;w 10-12 wrze&#x15B;nia 1997 r. : materia&#x142;y konferencyjne.</subfield>
    <subfield code="n">T. 2 /</subfield>
    <subfield code="c">[oprac. red. Eligiusz Paw&#x142;owski] ; Politechnika Lubelska. Katedra Metrologii Elektrycznej i Elektronicznej.</subfield>
  </datafield>
  <datafield tag="260" ind1=" " ind2=" ">
    <subfield code="a">Lublin :</subfield>
    <subfield code="b">Pracownia Poligraficzna Prywatnego LO [Liceum Og&#xF3;lnokszta&#x142;c&#x105;cego] im. K. Gosty&#x144;skiego,</subfield>
    <subfield code="c">1997.</subfield>
  </datafield>
  <datafield tag="300" ind1=" " ind2=" ">
    <subfield code="a">S. X, [1], 312-630, [3] s. :</subfield>
    <subfield code="b">1 il., fot., rys., wykr. ;</subfield>
    <subfield code="c">24 cm.</subfield>
  </datafield>
  <datafield tag="504" ind1=" " ind2=" ">
    <subfield code="a">Bibliogr., summ. przy ref. - Indeks.</subfield>
  </datafield>
  <datafield tag="650" ind1=" " ind2="9">
    <subfield code="a">Pomiary</subfield>
  </datafield>
  <datafield tag="655" ind1=" " ind2=" ">
    <subfield code="a">Materia&#x142;y konferencyjne</subfield>
  </datafield>
  <datafield tag="700" ind1="1" ind2=" ">
    <subfield code="a">Paw&#x142;owski, Eligiusz.</subfield>
    <subfield code="e">Red.</subfield>
  </datafield>
  <datafield tag="020" ind1=" " ind2=" ">
    <subfield code="a">8390730812 (2 t.)</subfield>
  </datafield>
  <datafield tag="040" ind1=" " ind2=" ">
    <subfield code="c">BPK</subfield>
  </datafield>
  <datafield tag="041" ind1="0" ind2=" ">
    <subfield code="a">pl</subfield>
    <subfield code="b">en</subfield>
  </datafield>
  <datafield tag="080" ind1=" " ind2=" ">
    <subfield code="a">621.317:53.08:006.91:378.662:372.838.9](061.3)</subfield>
  </datafield>
  <datafield tag="920" ind1=" " ind2=" ">
    <subfield code="a">83-907308-1-2 (2 t.)</subfield>
  </datafield>
  <datafield tag="942" ind1=" " ind2=" ">
    <subfield code="c">KS</subfield>
  </datafield>
  <controlfield tag="008">      s        pl     f     |000 0 pol  </controlfield>
  <datafield tag="999" ind1=" " ind2=" ">
    <subfield code="c">32629</subfield>
    <subfield code="d">32629</subfield>
  </datafield>
  <datafield tag="952" ind1=" " ind2=" ">
    <subfield code="0">0</subfield>
    <subfield code="1">0</subfield>
    <subfield code="4">0</subfield>
    <subfield code="7">0</subfield>
    <subfield code="a">BPK</subfield>
    <subfield code="b">BPK</subfield>
    <subfield code="c">w</subfield>
    <subfield code="o">41798</subfield>
    <subfield code="p">01294767</subfield>
    <subfield code="y">KS</subfield>
  </datafield>
</record>
